Inside the Pakistan Army : a woman's experience on the frontline of the war on terror (Record no. 11638)
[ view plain ]
| 000 -LEADER | |
|---|---|
| fixed length control field | 00398nam a22001337a 4500 |
| 082 ## - DEWEY DECIMAL CLASSIFICATION NUMBER | |
| Classification number | 355.0095491 SCH |
| 100 ## - MAIN ENTRY--PERSONAL NAME | |
| Personal name | Schofield, Carey |
| 245 ## - TITLE STATEMENT | |
| Title | Inside the Pakistan Army : a woman's experience on the frontline of the war on terror |
| 260 ## - PUBLICATION, DISTRIBUTION, ETC. | |
| Place of publication, distribution, etc. | London : |
| Name of publisher, distributor, etc. | Biteback Publishing |
| Date of publication, distribution, etc. | 2011 |
| 300 ## - PHYSICAL DESCRIPTION | |
| Extent | 232p. : |
| 650 ## - SUBJECT ADDED ENTRY--TOPICAL TERM | |
| Topical term or geographic name entry element | War on Terrorism (2001-2009) |
| 700 ## - ADDED ENTRY--PERSONAL NAME | |
| Personal name | Carey Schofield |
| 942 ## - ADDED ENTRY ELEMENTS (KOHA) | |
| Koha item type | Book |
| Withdrawn status | Lost status | Damaged status | Not for loan | Collection code | Permanent Location | Current Location | Shelving location | Date acquired | Source of acquisition | Cost, normal purchase price | Total Checkouts | Total Renewals | Full call number | Barcode | Date last seen | Date last checked out | Price effective from | Koha item type |
|---|---|---|---|---|---|---|---|---|---|---|---|---|---|---|---|---|---|---|
| Central Library (CL) | Central Library (CL) | General Stacks | 03/07/2013 | Allied Book Company | 1156.48 | 10 | 1 | 355.0095491 SCH | SEECS012109 | 12/27/2024 | 12/17/2024 | 03/08/2013 | Book |
